Queen's Law Journal

Bibliographic Details
Format: eBook
Language:English
Published: Kingston: Queen's University, Faculty of Law, 2018 -
Subjects:
Online Access:Acceso restringido

MARC

LEADER 00000nam a22000007a 4500
005 20191025215351.0
007 cr|||| |||
008 191025c20189999ca fn|w s|||| 0|||b1eng d
022 |a 0316-778X 
035 |a 23901 
040 |a vLex 
090 |c 9969  |d 9969 
245 0 0 |a Queen's Law Journal  |h [Recurso electrn̤ico] / 
256 |a Servicio en ln̕ea 
260 |a Kingston:  |b Queen's University, Faculty of Law,  |c 2018 - 
300 |a 1 recurso electrn̤ico 
310 |a Semestral 
506 1 |a Disponible solo en los productos indicados  |d vLex Global  |d vLex Global (Academic Edition, excluding Law Schools)  |d vLex Global (U.S. Academic Edition, Law Schools)  |d vLex Global (U.S. Academic Edition, excluding Law Schools)  |d vLex Global (Academic Edition, Law Schools) 
650 0 4 |a Derecho Civil  |z Canad̀ 
740 0 |a vLex Revistas (Servicio en ln̕ea) 
856 4 0 |u http://vlex.com/source/queen-s-law-journal-23901  |z Acceso restringido 
942 |c REV 
999 0 |a Civil Law